Central Library OPAC University of Rajshahi

The foundations of belief : (Record no. 59297)

MARC details
000 -LEADER
fixed length control field 00701nam a2200217 a 4500
001 - CONTROL NUMBER
control field 59297
003 - CONTROL NUMBER IDENTIFIER
rucl marc code BD-RjUL
005 - DATE AND TIME OF LATEST TRANSACTION
control field 20211209080720.0
008 - FIXED-LENGTH DATA ELEMENTS--GENERAL INFORMATION
fixed length control field 161222s1895 enk 000 0 eng d
035 ## - SYSTEM CONTROL NUMBER
System control number (BD-RjUL)59421
040 ## - CATALOGING SOURCE
Original cataloging agency DAY
Transcribing agency DAY
Modifying agency PLT
-- BD-RjUL
Language of cataloging eng
041 ## - LANGUAGE CODE
Language code of text/sound track or separate title eng
082 ## - DEWEY DECIMAL CLASSIFICATION NUMBER
Edition number 23
Classification number 121.6
Author mark and year BAF 1895
100 1# - MAIN ENTRY--PERSONAL NAME
Personal name Balfour, Arthur James
Dates associated with a name 1848-1930.
9 (RLIN) 176379
245 14 - TITLE STATEMENT
Title The foundations of belief :
Remainder of title being notes introductory to the study of theology /
Statement of responsibility, etc. by Arthur James Balfour.
260 ## - PUBLICATION, DISTRIBUTION, ETC. (IMPRINT)
Place of publication, distribution, etc. London ;
-- New York :
Name of publisher, distributor, etc. Longmans, Green,
Date of publication, distribution, etc. c1895.
300 ## - PHYSICAL DESCRIPTION
Pagination viii, 356 p. ;
Size 23 cm.
650 #0 - SUBJECT ADDED ENTRY--TOPICAL TERM
Topical term or geographic name as entry element Belief and doubt.
9 (RLIN) 176175
Topical term or geographic name as entry element Religion
General subdivision Philosophy.
9 (RLIN) 171090
942 ## - ADDED ENTRY ELEMENTS (KOHA)
Source of classification or shelving scheme Dewey Decimal Classification
Koha item type Books
Holdings
Lost status Source of classification or shelving scheme Damaged status Not for loan Collection code Permanent Location Current Location Shelving location Date acquired Source of acquisition Total Checkouts Full call number Date last seen Copy number Koha item type
  Dewey Decimal Classification   Not For Loan Non-fiction Central Library, University of Rajshahi Central Library, University of Rajshahi Reading Room 21/03/1974 British int. services   121.6 BAF 1895 22/12/2016 C-1 Books